Central Library OPAC University of Rajshahi

Mathematics of statistics / (Record no. 50713)

MARC details
000 -LEADER
fixed length control field 00844cam a22002651 4500
001 - CONTROL NUMBER
control field 50713
003 - CONTROL NUMBER IDENTIFIER
rucl marc code BD-RjUL
005 - DATE AND TIME OF LATEST TRANSACTION
control field 20211209075543.0
008 - FIXED-LENGTH DATA ELEMENTS--GENERAL INFORMATION
fixed length control field 160828s1974 ii a b 001 0 eng
035 ## - SYSTEM CONTROL NUMBER
System control number (BD-RjUL) 50833
040 ## - CATALOGING SOURCE
Original cataloging agency DLC
Transcribing agency VtMiM
Modifying agency OCoLC
-- CoU-M
-- DLC
-- BD-RjUL
Language of cataloging eng
041 ## - LANGUAGE CODE
Language code of text/sound track or separate title eng
082 ## - DEWEY DECIMAL CLASSIFICATION NUMBER
Classification number 519.5
Author mark and year KEM 1974
Edition number 23
100 1# - MAIN ENTRY--PERSONAL NAME
Personal name Kenney, John F.
Fuller form of name (John Francis),
Dates associated with a name 1897-
9 (RLIN) 21290
245 10 - TITLE STATEMENT
Title Mathematics of statistics /
Statement of responsibility, etc. J. F. Kenney, E. S. Keeping
250 ## - EDITION STATEMENT
Edition statement 3rd ed.
260 ## - PUBLICATION, DISTRIBUTION, ETC. (IMPRINT)
Place of publication, distribution, etc. New Delhi :
Name of publisher, distributor, etc. Afiliated East-West Press Pvt. Ltd.,
Date of publication, distribution, etc. c1954 [Printing 1974].
300 ## - PHYSICAL DESCRIPTION
Pagination x, 348 p. :
Illustrations ill. ;
Size 23 cm.
504 ## - BIBLIOGRAPHY, ETC. NOTE
Bibliography, etc Includes bibliographies and index.
505 0# - FORMATTED CONTENTS NOTE
Formatted contents note Pt. 1--
650 #0 - SUBJECT ADDED ENTRY--TOPICAL TERM
Topical term or geographic name as entry element Mathematical statistics.
9 (RLIN) 21291
700 1# - ADDED ENTRY--PERSONAL NAME
Personal name Keeping, E. S.
Relator term joint author.
942 ## - ADDED ENTRY ELEMENTS (KOHA)
Source of classification or shelving scheme Dewey Decimal Classification
Koha item type Books
Holdings
Lost status Source of classification or shelving scheme Damaged status Not for loan Collection code Permanent Location Current Location Shelving location Date acquired Source of acquisition Total Checkouts Full call number Date last seen Copy number Koha item type Cost, normal purchase price
  Dewey Decimal Classification     Non-fiction Central Library, University of Rajshahi Central Library, University of Rajshahi   07/07/1976 USIS   519.5 KEM Pt-1 1974 28/08/2016 C-2 Books  
  Dewey Decimal Classification     Non-fiction Central Library, University of Rajshahi Central Library, University of Rajshahi   07/07/1976 U.S.I.S Gift   519.5 KEM Pt-1 1974 29/08/2016 C-3 Books  
  Dewey Decimal Classification     Non-fiction Central Library, University of Rajshahi Central Library, University of Rajshahi   15/11/1968 Zeitlinger   519.5 KEM 1964 30/08/2016 C-4 Books 63.00
  Dewey Decimal Classification   Not For Loan Non-fiction Central Library, University of Rajshahi Central Library, University of Rajshahi Reading Room 02/04/1965 Suits & Zeitlinger   519.5 KEM Pt-1 1963 30/03/2017 C-1 Books 89.60